|
|
|
|
| LEADER |
01422nam a2200253 a 4500 |
| 001 |
GR-MES11042 |
| 008 |
061107s gr 000 0 gre d |
| 040 |
|
|
|a GrPaTEI
|b gre
|c GR-PaULI
|
| 040 |
|
|
|a GrPaTEI
|b gre
|c GR-PaULI
|
| 082 |
|
0 |
|a 843
|
| 100 |
1 |
|
|a Sade, Marquis de
|
| 245 |
1 |
2 |
|a Ο δήμιος και το θύμα του. /
|c ντε Σαντ ; μετάφραση,επιμέλεια Γεώργιος Κόκκινος ; Επιλογή κειμένων,εισαγωγή και σχόλια Dieter Hoffmann.
|
| 260 |
|
|
|a Αθήνα :
|b Κριτική,
|c 1989
|
| 300 |
|
|
|a 306σ. :
|b εικ. ;
|c 21εκ.
|
| 490 |
0 |
|
|a Λογοτεχνική βιβλιοθήκη
|
| 504 |
|
|
|a Περιλαμβάνει σημειώσεις,βιογραφία και εργογραφία του De Sade,πηγές και κατάλογο εικόνων.
|
| 650 |
|
4 |
|a Γαλλική Λογοτεχνία
|
| 700 |
0 |
|
|a Κόκκινος
|
| 700 |
1 |
|
|a Hoffmann, Dieter
|
| 942 |
|
|
|2 ddc
|
| 952 |
|
|
|0 0
|1 0
|2 ddc
|4 0
|6 843_000000000000000_SAD
|7 0
|9 270245
|a MSLG
|b MSLG
|c BSC
|d 2021-01-17
|e 24
|f 0
|g 0.00
|l 0
|o 843 SAD
|p 2420000020858
|r 2021-01-17 00:00:00
|t 1
|w 2021-01-17
|y BK15
|x 20061107 0 1
|x GrPaTEI
|
| 952 |
|
|
|0 0
|1 0
|2 ddc
|4 0
|6 843_000000000000000_SAD
|7 0
|9 270246
|a MSLG
|b MSLG
|c BSC
|d 2021-01-17
|e 24
|f 0
|g 0.00
|l 0
|o 843 SAD
|p 2420000020859
|r 2021-01-17 00:00:00
|t 1
|w 2021-01-17
|y BK15
|x 20061107 0 1
|x GrPaTEI
|
| 971 |
|
|
|a .b25770895
|b 01-10-20
|c 13-09-16
|
| 999 |
|
|
|c 156066
|d 156066
|